LEADER 00747nam0-2200289---450- 001 990009668980403321 005 20130121105508.0 035 $a000966898 035 $aFED01000966898 035 $a(Aleph)000966898FED01 035 $a000966898 100 $a20130121d2003----km-y0itay50------ba 101 0 $aita 102 $aIT 105 $ay-------001yy 200 1 $aUsus servitutis$fRaffaele Basile 210 $aNapoli$cJovene$dstampa 2003 215 $a131 p.$d24 cm 676 $a346.370435$v21$zita 700 1$aBasile,$bRaffaele$0322699 801 0$aIT$bUNINA$gRICA$2UNIMARC 901 $aBK 912 $a990009668980403321 952 $aIV D 166$b54845*$fFGBC 959 $aFGBC 996 $aUsus servitutis$9838352 997 $aUNINA LEADER 00969nam--2200337---450- 001 990003509880203316 005 20110304153426.0 035 $a000350988 035 $aUSA01000350988 035 $a(ALEPH)000350988USA01 035 $a000350988 100 $a20110304d--------km-y0itay50------ba 101 $afre 102 $aFR 105 $aa---||||001yy 200 1 $aCoagulation sanguine$eéquilibre et déséquilibres enzymatiques$fEtienne Simon, Christiane Roux 210 $aParis$cChoay$ds.d. 215 $a60 p.$cill.$d23 cm 225 2 $a<> monographies choay$v3 606 0 $aCoagulazione del sangue$2BNCF 676 $a573.159 702 1$aSIMON,$bEtienne 702 1$aROUX,$bChristiane 801 0$aIT$bsalbc$gISBD 912 $a990003509880203316 951 $aFDC MISC 5/129$b1183 Med.$cFDC 959 $aBK 969 $aMED 979 $aCIANATIEMP$b90$c20110304$lUSA01$h1534 996 $aCoagulation sanguine$91114293 997 $aUNISA LEADER 01674oam 2200565 450 001 9910706181603321 005 20211115150836.0 035 $a(CKB)5470000002454608 035 $a(OCoLC)1049175074 035 $a(OCoLC)995470000002454608 035 $a(EXLCZ)995470000002454608 100 $a20180822d2016 ua 0 101 0 $aeng 135 $aurmn||||||||| 181 $ctxt$2rdacontent 182 $cc$2rdamedia 183 $acr$2rdacarrier 200 00$aCarfentanil: a dangerous new factor in the U.S. opioid crisis 210 1$a[Washington, D.C.] :$cDrug Enforcement Administration,$d[2016?] 215 $a1 online resource (1 unnumbered page) $ccolor illustration 225 0 $aOffice safety alert 517 $aCarfentanil 606 $aSynthetic drugs$zUnited States 606 $aFentanyl$zUnited States 606 $aOpioid abuse$zUnited States 606 $aDrug abuse$zUnited States 606 $aDrug abuse$2fast 606 $aFentanyl$2fast 606 $aOpioid abuse$2fast 606 $aSynthetic drugs$2fast 607 $aUnited States$2fast 608 $aOnline resources. 615 0$aSynthetic drugs 615 0$aFentanyl 615 0$aOpioid abuse 615 0$aDrug abuse 615 7$aDrug abuse. 615 7$aFentanyl. 615 7$aOpioid abuse. 615 7$aSynthetic drugs. 712 02$aUnited States.$bDrug Enforcement Administration, 801 0$bGPO 801 1$bGPO 801 2$bMERUC 801 2$bOCLCF 801 2$bOCLCQ 906 $aBOOK 912 $a9910706181603321 996 $aCarfentanil: a dangerous new factor in the U.S. opioid crisis$93322703 997 $aUNINA